[Event "Gideon Japhet ACP Open 2018"]
[Site "Jerusalem"]
[Date "2018.07.02"]
[Round "3"]
[White "Yaniv, Yuval"]
[Black "Zanan, Evgeny"]
[Result "0-1"]
[WhiteElo "2054"]
[BlackElo "2497"]
[Annotator "TA"]
[PlyCount "90"]
[EventDate "2018.07.01"]
[EventType "swiss"]
[EventCountry "ISR"]
[SourceTitle "playchess.com"]
[Source "ChessBase"]
[SourceQuality "1"]

{[%evp 20,90,14,19,16,41,64,53,71,38,39,32,62,21,41,55,95,25,5,34,9,-10,0,-23,0,-37,-35,-57,-25,-10,0,-112,-119,-102,-104,-145,-139,-208,-204,-238,-190,-323,-295,-412,-401,-492,-217,-214,-227,-352,-303,-500,-278,-262,-240,-254,-32,-319,-402,-343,-316,-290,-290,-571,-559,-1241,-1162,-2146,-1889,-29989,-29990,-29996,-29997]} 1. e4 c5 2. Nf3 d6 3. d4 cxd4 4. Nxd4 Nf6 5. Nc3 a6 6. Bg5 Nbd7 7. Qe2 {B94: Sizilianisch (Najdorf-Variante mit 6.Lg5)} h6 8. Bh4 g6 9. f4 e5 10. fxe5 dxe5 11. O-O-O {LiveBook: 73 Partien} Qc7 12. Nb3 b6 $146 ({Vorgänger:} 12... b5 13. Qf3 Bg7 14. Kb1 O-O {0-1 (41) Wan,Y (2500)-Cheparinov,I (2702) China 2018}) 13. Kb1 Bb7 14. Nd5 Nxd5 15. exd5 Bd6 16. Qg4 Bc8 17. Qf3 O-O 18. Qe3 ({Lieber} 18. g4 $1 $16) 18... Kg7 19. g4 Nc5 20. Bh3 f6 21. Rhf1 {Und Txf6! würde nun gewinnen.} g5 $36 {[%mdl 2048] Schwarz hat gut koordiniertes Spiel.} 22. Bg3 Bd7 23. Nxc5 bxc5 24. c4 Qc8 25. Rg1 (25. Qe4 $11) 25... Bxg4 $17 26. Bxg4 Qxg4 27. Qd3 {Mit der Idee Lxe5!} Qd7 $1 28. h4 {[#]} (28. Qc3 $17 {war nötig.}) 28... g4 $1 $19 29. Qe4 {[#]} Rae8 $1 30. Bf2 (30. h5 {war die einzige Chance.} f5 31. Qc2) 30... f5 31. Qd3 e4 32. Qa3 Qc8 (32... f4 $142 {Weiss muss nun ...e3 beachten.} 33. Bxc5 Bxc5 34. Qxc5 e3) 33. b4 cxb4 34. Qb2+ (34. Qc1 $142) 34... Kh7 35. c5 $2 (35. Qc2) 35... e3 36. cxd6 exf2 37. Qxf2 {Und weiter mit Da7+ wäre nett.} Qd7 $2 (37... Qc3 $19 {Droht ...b3 und aus.} 38. Qc2 Qxc2+ 39. Kxc2 Kg6) 38. Rge1 $2 {[%mdl 8192]} ({Weiss braucht} 38. Rde1 $1 $15) 38... Qxd6 39. Rxe8 Rxe8 {[%mdl 4096] Endspiel KDT-KDT} 40. h5 f4 41. Qc2+ $2 (41. Rg1 {war die einzige Verteidigung.} Qxd5 42. Qc2+ Kh8 43. Qb2+ Qe5 44. Rxg4 Qxb2+ 45. Kxb2) 41... Kh8 42. Qf5 g3 43. Rc1 g2 44. Rg1 Qb6 45. Rxg2 Re1+ {Precision: Weiß = 17%, Schwarz = 58%.} 0-1

[Event "Gideon Japhet ACP Open 2018"]
[Site "Jerusalem"]
[Date "2018.07.02"]
[Round "3"]
[White "Nissim, Yonatan"]
[Black "Melia, Salome"]
[Result "0-1"]
[WhiteElo "1992"]
[BlackElo "2392"]
[Annotator "NA"]
[PlyCount "48"]
[EventDate "2018.07.01"]
[EventType "swiss"]
[EventCountry "ISR"]
[SourceTitle "playchess.com"]
[Source "ChessBase"]
[SourceQuality "1"]
[TimeControl "40/5400+30:1800+30"]

1. d4 {[%emt 0:00:00]} Nf6 {[%emt 0:00:16]} 2. c4 {[%emt 0:00:00]} e6 {[%emt 0:00:48]} 3. Nc3 {[%emt 0:00:11]} Bb4 {[%emt 0:00:08]} 4. Qc2 {[%emt 0:00:09]} d6 {[%emt 0:00:48]} 5. Nf3 {[%emt 0:00:27]} Nbd7 {[%emt 0:00:39]} 6. g3 {[%emt 0:02:47]} b6 {[%emt 0:00:54]} 7. Bg2 {[%emt 0:00:57]} Bb7 {[%emt 0:00:03]} 8. O-O {[%emt 0:01:16]} O-O {[%emt 0:01:20]} 9. Rd1 {[%emt 0:03:19]} a6 {[%emt 0:01:35]} 10. a3 {[%emt 0:08:25]} Bxc3 {[%emt 0:00:26]} 11. Qxc3 {[%emt 0:00:05]} b5 {[%emt 0:04:12]} 12. c5 {[%emt 0:21:02]} Be4 {[%emt 0:01:43]} 13. b4 {[%emt 0:06:22]} Nd5 {[%emt 0:00:53]} 14. Qb3 {[%emt 0:01:28]} h6 {[%emt 0:01:51]} 15. Bb2 {[%emt 0:01:36]} f5 {[%emt 0:03:27]} 16. Nd2 {[%emt 0:07:38]} Bxg2 {[%emt 0:00:23]} 17. Kxg2 {[%emt 0:00:04]} Qe8 {[%emt 0:03:49]} 18. e3 {[%emt 0:04:34]} Qh5 {[%emt 0:07:15]} 19. Qd3 {[%emt 0:04:11]} f4 {[%emt 0:09:44]} 20. e4 {[%emt 0:03:24]} fxg3 {[%emt 0:05:50]} 21. fxg3 {[%emt 0:03:28]} Rf2+ {[%emt 0:05:14]} 22. Kxf2 {[%emt 0:00:19]} Qxh2+ {[%emt 0:00:06]} 23. Ke1 {[%emt 0:03:09]} Rf8 {[%emt 0:00:34]} 24. Nf3 {[%emt 0:01:29]} Qxg3+ {[%emt 0:03:19]} 0-1

[Event "Gideon Japhet ACP Open 2018"]
[Site "Jerusalem"]
[Date "2018.07.02"]
[Round "3"]
[White "Aizenberg, Benny"]
[Black "Bagrationi, Alexander"]
[Result "0-1"]
[WhiteElo "1887"]
[BlackElo "2539"]
[Annotator "ChessBase"]
[PlyCount "108"]
[EventDate "2018.07.01"]
[EventType "swiss"]
[EventCountry "ISR"]
[SourceTitle "playchess.com"]
[Source "ChessBase"]
[SourceQuality "1"]
[TimeControl "40/5400+30:1800+30"]

1. e4 {[%emt 0:00:00]} c5 {[%emt 0:00:01]} 2. Nf3 {[%emt 0:00:00]} d6 {[%emt 0:00:07]} 3. d4 {[%emt 0:00:00]} cxd4 {[%emt 0:00:04]} 4. Nxd4 {[%emt 0:00:00]} Nf6 {[%emt 0:00:04]} 5. Nc3 {[%emt 0:00:00]} Nc6 {[%emt 0:00:07]} 6. Bg5 {[%emt 0:02:14]} Bd7 {[%emt 0:00:15]} 7. Be2 {[%emt 0:00:52]} Qa5 {[%emt 0:00:41]} 8. Bxf6 {[%emt 0:00:53]} gxf6 {[%emt 0:00:04]} 9. O-O {[%emt 0:00:04]} Bg7 {[%emt 0:00:48]} 10. Nd5 {[%emt 0:01:27]} e6 {[%emt 0:01:25]} 11. Ne3 {[%emt 0:00:46]} Nxd4 {[%emt 0:06:43]} 12. Qxd4 {[%emt 0:00:06]} Qc5 {[%emt 0:00:24]} 13. Rad1 {[%emt 0:04:12]} Qxd4 {[%emt 0:02:36]} 14. Rxd4 {[%emt 0:01:30]} f5 {[%emt 0:05:41]} 15. Rxd6 {[%emt 0:00:40]} fxe4 {[%emt 0:00:14]} 16. Rfd1 {[%emt 0:04:39]} Bc6 {[%emt 0:00:21]} 17. b4 {[%emt 0:03:36]} Be5 {[%emt 0:02:14]} 18. b5 {[%emt 0:01:11]} Bxd6 {[%emt 0:01:40]} 19. bxc6 {[%emt 0:00:04]} Ke7 {[%emt 0:00:18]} 20. cxb7 {[%emt 0:00:24]} Rad8 {[%emt 0:00:36]} 21. Nc4 {[%emt 0:01:30]} Bc7 {[%emt 0:00:14]} 22. Rb1 {[%emt 0:00:24]} Rd5 {[%emt 0:01:11]} 23. a4 {[%emt 0:04:03]} Rb8 {[%emt 0:03:52]} 24. f3 {[%emt 0:03:10]} f5 {[%emt 0:00:39]} 25. Kf2 {[%emt 0:01:35]} exf3 {[%emt 0:03:20]} 26. Bxf3 {[%emt 0:02:31]} Rc5 {[%emt 0:00:25]} 27. Be2 {[%emt 0:00:21]} Bd8 {[%emt 0:02:14]} 28. Ke3 {[%emt 0:00:22]} Rc7 {[%emt 0:01:46]} 29. Ne5 {[%emt 0:17:36]} Kf6 {[%emt 0:01:16]} 30. Rb5 {[%emt 0:07:33]} a6 {[%emt 0:02:16]} 31. Rc5 {[%emt 0:09:24]} Rbxb7 {[%emt 0:08:04]} 32. Nc6 {[%emt 0:01:03]} Rb6 {[%emt 0:02:31]} 33. Bf3 {[%emt 0:00:08]} Be7 {[%emt 0:00:14]} 34. Rc4 {[%emt 0:00:05]} Bd6 {[%emt 0:00:53]} 35. a5 {[%emt 0:02:35]} Rb5 {[%emt 0:02:00]} 36. Rh4 {[%emt 0:00:34]} h5 {[%emt 0:00:38]} 37. Nd4 {[%emt 0:03:56]} Bc5 {[%emt 0:00:54]} 38. Rxh5 {[%emt 0:01:52]} Ke5 {[%emt 0:02:01]} 39. c3 {[%emt 0:01:01]} Rb3 {[%emt 0:00:40]} 40. Kd2 {[%emt 0:04:10]} Bxd4 {[%emt 0:00:57]} 41. cxd4+ {[%emt 0:30:07]} Kxd4 {[%emt 0:30:14]} 42. Rh4+ {[%emt 0:00:06]} Ke5 {[%emt 0:00:14]} 43. Ra4 {[%emt 0:00:58]} Rb2+ {[%emt 0:00:03]} 44. Kd3 {[%emt 0:00:11]} Rc5 {[%emt 0:00:49]} 45. h4 {[%emt 0:01:04]} Rbb5 {[%emt 0:01:33]} 46. h5 {[%emt 0:00:07]} Kf6 {[%emt 0:00:05]} 47. h6 {[%emt 0:01:13]} Kg6 {[%emt 0:01:14]} 48. Rh4 {[%emt 0:00:05]} Rc7 {[%emt 0:00:17]} 49. Rd4 {[%emt 0:02:05]} Rxa5 {[%emt 0:00:19]} 50. Rd6 {[%emt 0:00:06]} Kf6 {[%emt 0:00:36]} 51. Bc6 {[%emt 0:01:13]} Rh7 {[%emt 0:00:14]} 52. Kc4 {[%emt 0:00:55]} Rxh6 {[%emt 0:00:12]} 53. Kb4 {[%emt 0:00:09]} Ra1 {[%emt 0:00:08]} 54. Ba4 {[%emt 0:00:30]} Rh4+ {[%emt 0:00:04]} 0-1

[Event "Gideon Japhet ACP Open 2018"]
[Site "Jerusalem"]
[Date "2018.07.03"]
[Round "4"]
[White "Nabaty, Tamir"]
[Black "Birnboim, Nathan"]
[Result "0-1"]
[WhiteElo "2692"]
[BlackElo "2353"]
[Annotator "TA"]
[PlyCount "82"]
[EventDate "2018.07.01"]
[EventType "swiss"]
[EventCountry "ISR"]
[SourceTitle "playchess.com"]
[Source "ChessBase"]
[SourceQuality "1"]

{[%evp 9,82,50,53,38,36,26,19,26,25,0,5,0,0,-35,0,0,4,0,0,0,0,0,2,0,0,-8,0,-30,-23,-42,-20,-22,-24,-18,-7,-25,-33,-31,-26,-35,-18,-18,-11,-15,-8,-24,0,0,0,-7,-1,-35,0,0,0,0,0,0,0,-4,0,0,0,0,0,0,0,-132,-110,-392,-368,-543,0,0,0]} 1. d4 d5 2. Nf3 c6 3. Bf4 Bg4 4. Ne5 Bf5 5. g4 Be6 6. e3 {D02: 1 d4 d5 2 Nf3 sidelines, including 2...Nf6 3 g3 and 2...Nf6 3 Bf4} Nd7 7. Nc3 $146 ({Predecessor:} 7. Nd2 Ngf6 8. Nxd7 Nxd7 9. Bd3 g6 10. h4 Qb6 11. h5 Rg8 12. hxg6 hxg6 {0-1 (33) Lobron,E (2595)-Hodgson,J (2590) Amsterdam 1995}) 7... Ngf6 8. Nxd7 Nxd7 9. Qf3 h5 10. gxh5 Nf6 11. Rg1 Rxh5 12. O-O-O g6 13. Be2 Rh7 14. Be5 Nd7 15. Bf4 Nf6 16. Bd3 Qd7 {Threatening ...Bg4.} 17. Qe2 Bf5 18. Na4 Bxd3 19. Rxd3 Bh6 20. Nc5 Qc8 21. Bg3 Nd7 22. Nxd7 (22. Kb1 {with more complications.} b6 23. Nb3 Kf8 24. Rc3 Nf6 25. f3) 22... Qxd7 23. Kb1 Bf8 24. Rc1 {[%cal Bg1c1,Bc1c4,Bc4a4][%mdl 32]} e6 25. c4 dxc4 26. Rxc4 Bd6 27. e4 Bxg3 28. fxg3 O-O-O 29. Ra4 Kb8 30. Rda3 Rh5 31. Rxa7 Qxd4 32. Ra8+ Kc7 33. Rxd8 Qxd8 $11 {[%mdl 4096] Endgame KQR-KQR} 34. g4 $132 {[%mdl 2048] White is not keeping still} Rh7 35. Rd3 Qg5 36. e5 {Black must now prevent Qe1.} Rh8 37. Qe1 {[#] Threatens to win with Qa5+.} Qxg4 {aiming for ...Qf5.} 38. a3 (38. Qa5+ $11 Kb8 39. Rd8+ Rxd8 40. Qxd8+ Ka7 41. Qa5+ Kb8 42. Qd8+ Ka7 43. Qa5+ Kb8 44. Qd8+) 38... Qf5 39. Qa5+ $2 {[%mdl 8192]} (39. Qc3 $17 {was the only chance.}) 39... Kb8 $19 40. Kc2 (40. Qd2 $142) 40... Rh3 $2 {[#]} ({Black should try} 40... c5 $19 {And now ...c4 would win.} 41. Kc3 Qxe5+ 42. Kc2 Rxh2+ 43. Rd2 Qe4+ 44. Kc1 Rh1+ 45. Rd1 Rxd1+ 46. Kxd1 Qb1+ 47. Ke2 Qxb2+ 48. Kf1 Qd4) 41. Qd8+ $11 Ka7 {[%mdl 32768] Precision: White = 44%, Black = 56%. . Sensor Board Error (Ke4/e5)?} 0-1

[Event "Gideon Japhet ACP Open 2018"]
[Site "Jerusalem"]
[Date "2018.07.03"]
[Round "4"]
[White "Boruchovsky, Avital"]
[Black "Gorodetzky, David"]
[Result "1-0"]
[WhiteElo "2558"]
[BlackElo "2460"]
[Annotator "ChessBase"]
[PlyCount "111"]
[EventDate "2018.07.01"]
[EventType "swiss"]
[EventCountry "ISR"]
[SourceTitle "playchess.com"]
[Source "ChessBase"]
[SourceQuality "1"]
[TimeControl "40/5400+30:1800+30"]

1. d4 {[%emt 0:02:04]} Nf6 {[%emt 0:00:00]} 2. Nf3 {[%emt 0:00:15]} e6 {[%emt 0:00:00]} 3. c4 {[%emt 0:00:06]} d5 {[%emt 0:00:00]} 4. Nc3 {[%emt 0:01:12]} dxc4 {[%emt 0:01:19]} 5. e3 {[%emt 0:00:34]} a6 {[%emt 0:02:53]} 6. a4 {[%emt 0:02:36]} c5 {[%emt 0:00:43]} 7. Bxc4 {[%emt 0:00:14]} Nc6 {[%emt 0:02:44]} 8. O-O {[%emt 0:01:25]} Be7 {[%emt 0:00:33]} 9. dxc5 {[%emt 0:05:38]} Bxc5 {[%emt 0:16:19]} 10. Qe2 {[%emt 0:08:04]} O-O {[%emt 0:07:30]} 11. e4 {[%emt 0:01:10]} e5 {[%emt 0:13:38]} 12. Rd1 {[%emt 0:04:34]} Qb6 {[%emt 0:11:55]} 13. Bg5 {[%emt 0:03:11]} Nd4 {[%emt 0:03:31]} 14. Nxd4 {[%emt 0:02:18]} Bxd4 {[%emt 0:01:23]} 15. a5 {[%emt 0:01:46]} Qc6 {[%emt 0:03:40]} 16. Bd5 {[%emt 0:07:56]} Qd6 {[%emt 0:17:56]} 17. h3 {[%emt 0:08:51]} Be6 {[%emt 0:08:38]} 18. Bxf6 {[%emt 0:02:27]} gxf6 {[%emt 0:00:37]} 19. Bxb7 {[%emt 0:00:28]} Ra7 {[%emt 0:01:57]} 20. Bd5 {[%emt 0:00:18]} f5 {[%emt 0:02:57]} 21. Qf3 {[%emt 0:01:11]} Rd7 {[%emt 0:01:31]} 22. Rd3 {[%emt 0:02:59]} Bxd5 {[%emt 0:00:35]} 23. Nxd5 {[%emt 0:04:30]} f4 {[%emt 0:00:35]} 24. Rad1 {[%emt 0:03:13]} f5 {[%emt 0:00:31]} 25. Nc3 {[%emt 0:02:24]} Qg6 {[%emt 0:00:23]} 26. exf5 {[%emt 0:01:11]} Qxf5 {[%emt 0:00:02]} 27. Qe4 {[%emt 0:00:37]} Qxe4 {[%emt 0:00:28]} 28. Nxe4 {[%emt 0:00:04]} Rb7 {[%emt 0:00:07]} 29. Rb1 {[%emt 0:00:33]} Rfb8 {[%emt 0:00:38]} 30. b3 {[%emt 0:01:21]} Rc7 {[%emt 0:01:24]} 31. g3 {[%emt 0:00:20]} Rf8 {[%emt 0:00:27]} 32. Kg2 {[%emt 0:03:06]} fxg3 {[%emt 0:00:29]} 33. Rxg3+ {[%emt 0:00:11]} Kh8 {[%emt 0:00:01]} 34. b4 {[%emt 0:00:42]} Rc2 {[%emt 0:00:53]} 35. Rf3 {[%emt 0:00:32]} Rb8 {[%emt 0:00:36]} 36. Rf6 {[%emt 0:03:24]} Bb2 {[%emt 0:00:35]} 37. Rg1 {[%emt 0:03:29]} Rg8+ {[%emt 0:00:31]} 38. Kh1 {[%emt 0:00:26]} Rxg1+ {[%emt 0:00:04]} 39. Kxg1 {[%emt 0:00:04]} Rc4 {[%emt 0:00:06]} 40. f3 {[%emt 0:00:43]} Rxb4 {[%emt 0:00:47]} 41. Rxa6 {[%emt 0:30:09]} Bd4+ {[%emt 0:07:55]} 42. Kg2 {[%emt 0:00:00]} Rb1 {[%emt 0:01:58]} 43. Rc6 {[%emt 0:00:00]} Kg7 {[%emt 0:04:08]} 44. a6 {[%emt 0:00:00]} Rg1+ {[%emt 0:04:44]} 45. Kh2 {[%emt 0:00:00]} Rf1 {[%emt 0:00:09]} 46. Kg3 {[%emt 0:00:00]} Rg1+ {[%emt 0:01:19]} 47. Kh4 {[%emt 0:00:00]} Rf1 {[%emt 0:03:49]} 48. Kg4 {[%emt 0:00:00]} h5+ {[%emt 0:04:37]} 49. Kxh5 {[%emt 0:00:00]} Rxf3 {[%emt 0:00:03]} 50. Rc7+ {[%emt 0:00:00]} Kg8 {[%emt 0:05:51]} 51. Kg6 {[%emt 0:00:00]} Kf8 {[%emt 0:00:10]} 52. Ng5 {[%emt 0:00:00]} Ra3 {[%emt 0:00:43]} 53. Ne6+ {[%emt 0:00:00]} Ke8 {[%emt 0:00:10]} 54. Nxd4 {[%emt 0:00:00]} Rxa6+ {[%emt 0:00:10]} 55. Nc6 {[%emt 0:00:00]} e4 {[%emt 0:00:48]} 56. Kg7 {[%emt 0:00:00]} 1-0

[Event "Gideon Japhet ACP Open 2018"]
[Site "Jerusalem"]
[Date "2018.07.03"]
[Round "4"]
[White "Bagrationi, Alexander"]
[Black "Melia, Salome"]
[Result "1-0"]
[WhiteElo "2539"]
[BlackElo "2392"]
[Annotator "ChessBase"]
[PlyCount "117"]
[EventDate "2018.07.01"]
[EventType "swiss"]
[EventCountry "ISR"]
[SourceTitle "playchess.com"]
[Source "ChessBase"]
[SourceQuality "1"]
[TimeControl "40/5400+30:1800+30"]

1. d4 {[%emt 0:00:00]} Nf6 {[%emt 0:13:24]} 2. c4 {[%emt 0:00:00]} e6 {[%emt 0:00:08]} 3. Nf3 c5 4. d5 {[%emt 0:02:16]} d6 {[%emt 0:01:01]} 5. Nc3 {[%emt 0:00:23]} exd5 {[%emt 0:00:05]} 6. cxd5 {[%emt 0:00:03]} g6 {[%emt 0:00:05]} 7. Bf4 {[%emt 0:00:16]} Bg7 {[%emt 0:01:07]} 8. e3 {[%emt 0:09:54]} O-O {[%emt 0:00:11]} 9. h3 {[%emt 0:00:37]} Qe7 {[%emt 0:08:59]} 10. Be2 {[%emt 0:02:28]} Ne4 {[%emt 0:10:33]} 11. Nxe4 {[%emt 0:08:56]} Qxe4 {[%emt 0:00:02]} 12. Bxd6 {[%emt 0:00:23]} Rd8 {[%emt 0:02:47]} 13. Bxc5 {[%emt 0:06:54]} Bxb2 {[%emt 0:00:32]} 14. Bd4 {[%emt 0:07:28]} Bxd4 {[%emt 0:04:07]} 15. Qxd4 {[%emt 0:00:46]} Qxd4 {[%emt 0:01:56]} 16. Nxd4 {[%emt 0:00:27]} Rxd5 {[%emt 0:00:11]} 17. Rc1 {[%emt 0:01:46]} Nd7 {[%emt 0:02:55]} 18. O-O {[%emt 0:08:00]} Nf6 {[%emt 0:06:06]} 19. Bf3 {[%emt 0:12:36]} Ra5 {[%emt 0:02:12]} 20. Rc2 {[%emt 0:08:24]} Rb8 {[%emt 0:18:28]} 21. Rb1 {[%emt 0:01:32]} Nd7 {[%emt 0:03:39]} 22. Rc7 {[%emt 0:09:55]} Nb6 {[%emt 0:03:19]} 23. Nb5 {[%emt 0:01:41]} Na8 {[%emt 0:07:48]} 24. Rc3 {[%emt 0:01:05]} Rxa2 {[%emt 0:02:38]} 25. Bd5 {[%emt 0:01:09]} Rd2 {[%emt 0:00:22]} 26. Nd4 {[%emt 0:01:06]} Nb6 {[%emt 0:02:05]} 27. Bb3 {[%emt 0:01:44]} Bd7 {[%emt 0:01:30]} 28. Kf1 {[%emt 0:02:25]} Re8 {[%emt 0:01:42]} 29. Rc7 {[%emt 0:00:43]} Re7 {[%emt 0:03:00]} 30. Kg1 {[%emt 0:00:02]} Re5 {[%emt 0:03:33]} 31. Nf3 {[%emt 0:00:53]} Red5 {[%emt 0:00:31]} 32. Nxd2 {[%emt 0:00:18]} Rxd2 {[%emt 0:00:01]} 33. Rxb7 {[%emt 0:00:02]} Nc8 {[%emt 0:00:54]} 34. Rd1 {[%emt 0:00:58]} Rxd1+ {[%emt 0:00:02]} 35. Bxd1 {[%emt 0:00:01]} Be6 {[%emt 0:00:08]} 36. Bb3 {[%emt 0:00:56]} Nd6 {[%emt 0:01:00]} 37. Rb8+ {[%emt 0:00:26]} Kg7 {[%emt 0:00:37]} 38. Bxe6 {[%emt 0:00:02]} fxe6 {[%emt 0:00:04]} 39. Rd8 {[%emt 0:00:11]} Nb5 {[%emt 0:00:32]} 40. Rd7+ {[%emt 0:00:02]} Kf6 {[%emt 0:00:05]} 41. Rb7 {[%emt 0:30:22]} a6 {[%emt 0:30:06]} 42. Rb6 {[%emt 0:00:05]} Nc7 {[%emt 0:00:37]} 43. Rc6 {[%emt 0:00:03]} Nd5 {[%emt 0:00:02]} 44. Rxa6 {[%emt 0:00:05]} h5 {[%emt 0:00:02]} 45. h4 {[%emt 0:00:19]} Kf5 {[%emt 0:00:21]} 46. Kh2 {[%emt 0:00:13]} Nc3 {[%emt 0:00:49]} 47. Ra5+ {[%emt 0:00:34]} Kf6 {[%emt 0:00:02]} 48. f3 {[%emt 0:00:12]} Nd5 {[%emt 0:00:34]} 49. e4 {[%emt 0:03:04]} Nf4 {[%emt 0:00:08]} 50. Kg3 {[%emt 0:00:04]} Nd3 {[%emt 0:00:03]} 51. Ra3 {[%emt 0:00:07]} Nc5 {[%emt 0:00:06]} 52. Rc3 {[%emt 0:00:08]} Nd7 {[%emt 0:00:06]} 53. f4 {[%emt 0:00:08]} e5 {[%emt 0:01:16]} 54. Kf3 {[%emt 0:00:44]} exf4 {[%emt 0:00:04]} 55. Kxf4 {[%emt 0:00:03]} Ne5 {[%emt 0:00:03]} 56. Ra3 {[%emt 0:00:09]} Ng4 {[%emt 0:00:18]} 57. Ra6+ {[%emt 0:00:05]} Kf7 {[%emt 0:00:03]} 58. e5 {[%emt 0:00:20]} Kg7 {[%emt 0:01:24]} 59. Ra8 1-0

[Event "Gideon Japhet ACP Open 2018"]
[Site "Jerusalem"]
[Date "2018.07.03"]
[Round "4"]
[White "Baron, Tal"]
[Black "Zilberman, Yaacov"]
[Result "1-0"]
[WhiteElo "2530"]
[BlackElo "2374"]
[Annotator "TA"]
[PlyCount "99"]
[EventDate "2018.07.01"]
[EventType "swiss"]
[EventCountry "ISR"]
[SourceTitle "playchess.com"]
[Source "ChessBase"]
[SourceQuality "1"]

{[%evp 16,99,32,23,53,24,69,58,72,55,67,85,81,77,73,79,72,67,85,19,35,32,31,20,28,18,27,22,19,0,26,0,33,35,36,26,41,35,42,19,36,0,36,0,0,0,25,0,50,59,101,100,114,95,110,153,229,161,216,225,208,28,45,0,0,0,0,0,68,72,68,73,73,75,68,75,66,66,81,71,61,62,70,0,583,559]} 1. d4 d5 2. c4 dxc4 3. e4 e5 4. Nf3 Nf6 5. Bxc4 Nxe4 6. Nxe5 {D20: Queen's Gambit Accepted: 3 e3 and 3 e4} (6. O-O Nd6 7. Nxe5 Nxc4 8. Nxc4 Be7 9. Nc3 O-O 10. Bf4 c6 11. d5 Bb4 12. dxc6 Nxc6 {0-1 (39) Li,C (2751)-Dominguez Perez,L (2732) Huaian 2016}) 6... Nd6 7. Bb3 Be7 8. O-O O-O 9. Nc3 {LiveBook: 5 Games} Nd7 10. Nd5 $146 ({Predecessor:} 10. Nf3 Nf6 11. Re1 Bf5 12. Bg5 c6 {½-½ (21) Zherebukh,Y (2595)-Popilski,G (2542) Philadelphia 2016}) 10... Nf6 11. Nxe7+ Qxe7 12. Re1 {Strongly threatening Nxf7.} Qd8 13. Bg5 h6 14. Bh4 Nf5 15. Bxf6 Qxf6 16. Rc1 c6 {[#]} 17. Qh5 (17. Rc5 $1 $16) 17... Nd6 18. Rc3 {aiming for Rf3.} Be6 19. Rf3 Qd8 $1 20. Bxe6 fxe6 21. Qg6 Rf6 22. Qd3 Qa5 23. Rfe3 {Hoping for Ng4.} Re8 (23... Nf5 $5 {[%cal Rf5e3]}) 24. Ng4 Rf5 25. a3 Kh8 26. Qd1 Qd5 27. g3 Nc4 28. Rc3 Rff8 29. Qc1 Nd6 30. Ne5 {[%cal Bg4e5,Be5g6,Bg6f4][%mdl 32] Threatens to win with Ng6+.} Kg8 31. Ng6 Rf6 32. Nf4 Qa5 33. Rce3 Kf7 34. Re5 Qb6 35. Nh5 Rf5 (35... Rg6 $16) 36. g4 Rxe5 (36... Rf3 $142) 37. dxe5 $18 Nb5 38. Qc2 $2 ({Only move:} 38. Qf4+ $18 Kg8 {[#]} 39. Nf6+ $1 {[%mdl 512]} gxf6 40. exf6) 38... Nd4 $11 39. Qh7 {[%csl Gh5][%cal Rh7g7]} Nf3+ 40. Kh1 {[%csl Gh5][%cal Rh7g7]} Rg8 41. Re3 $40 {[%mdl 128] White mounts an attack.} Ng5 (41... Nh4 $1 $11 42. Qc2 Rd8) 42. Qc2 $1 $14 Qd4 43. Rd3 Qxg4 44. Rd7+ Ke8 45. Rxb7 Qf3+ 46. Kg1 Qg4+ 47. Ng3 Nf3+ 48. Kh1 Nxe5 49. Rxa7 (49. Qb3 $1 $14 Qf3+ 50. Qxf3 Nxf3 51. Nh5 (51. Rxa7 Rf8 $14)) 49... Rf8 $2 {[%mdl 8192]} (49... Qd4 $11 50. Rb7 Rf8) 50. Ra8+ {Precision: White = 51%, Black = 51%.} 1-0